000 00461 a2200157 4500
003 Nust
005 20170207153551.0
040 _cNust
082 _a005.1
100 _aWasi, Salman MSCS
245 _aDesign & Implementaion of web-based software system for virtual universites for development & administration of on-line courses
_cSalman Wasi, MSCS
260 _bMCS
_cAugust 2001
300 _a116 p
538 _aAlmirah No 69 Shelf No 5
650 _aMSCS Thesis
942 _cTHS
999 _c188847
_d188847